Normal view
MARC view
- وعظ وارشاد- الاسلام
Entry Topical Term
001 - CONTROL NUMBER
- control field: 14284
003 - CONTROL NUMBER IDENTIFIER
- control field: JO-AjAnu
005 - DATE AND TIME OF LATEST TRANSACTION
- control field: 20230606072600.0
008 - FIXED-LENGTH DATA ELEMENTS
- fixed length control field: 230606|| aca||aabn | a|a d
040 ## - CATALOGING SOURCE
- Original cataloging agency: JO-AjAnu
- Transcribing agency: JO-AjAnu
150 ## - HEADING--TOPICAL TERM
- Topical term or geographic name entry element: وعظ وارشاد- الاسلام
670 ## - SOURCE DATA FOUND
- Source citation: Work cat.: (JO-AjAnu)7340: دراسة وتحليل: العفيفي، طه عبد الله, author 14283, رحلة الرجوع الى الله تبارك وتعالى من يوم الميلاد الى يوم الميعاد